U.S. Presidential Middle Names - Click Quiz - Statistics

General Stats
  • This quiz has been taken 380 times
  • The average score is 21 of 28
Answer Stats
Hint Answer % Correct
John Kennedy Fitzgerald
94%
Lyndon Johnson Baines
90%
Franklin Roosevelt Delano
90%
Harry Truman S
90%
Barack Obama Hussein
88%
John Adams Quincy
87%
Stephen Cleveland Grover
83%
Hiram Grant Ulysses
83%
John Coolidge Calvin
82%
Dwight Eisenhower David
81%
George Bush (Jr) Walker
81%
Thomas Wilson Woodrow
80%
William Harrison Henry
79%
George Bush (Sr) Herbert Walker
79%
Rutherford Hayes Birchard
77%
Donald Trump John
77%
Richard Nixon Milhous
75%
Warren Harding Gamaliel
71%
William Taft Howard
70%
James Polk Knox
70%
Joseph Biden Robinette
70%
William Clinton Jefferson
62%
Chester Arthur Alan
60%
James Carter Earl
60%
Gerald Ford Rudolph
56%
James Garfield Abram
53%
Ronald Reagan Wilson
42%
Herbert Hoover Clark
39%
No matching quizzes found
Score Distribution
Percent of People with Each Score
Percentile by Number Answered
Your Score History
You have not taken this quiz